载入...
| LEADER | 00340nam a2200109Ia 4500 | ||
|---|---|---|---|
| 001 | 41776 | ||
| 008 | 170722s9999 xx 000 0 und d | ||
| 100 | |a Carlyle, Thomas | ||
| 245 | |a Sartor Resartus / | ||
| 942 | |c GEN | ||
| 999 | |c 23845 |d 23845 | ||
| 952 | |0 0 |1 0 |4 0 |6 O_6L95S_AV4_CR |7 0 |9 27928 |a LIB |b LIB |d 2017-08-12 |o O-,6L95,S AV4 (CR) |p 78346 |r 2017-08-12 |w 2017-08-12 |y GEN | ||